Epoxy-imide adhesives from hydroxyl terminated polybutadiene liquid rubber (Record no. 58746)

MARC details
000 -LEADER
fixed length control field 00464nam a2200133Ia 4500
100 ## - MAIN ENTRY--AUTHOR NAME
Personal name Abraham G
245 #0 - TITLE STATEMENT
Title Epoxy-imide adhesives from hydroxyl terminated polybutadiene liquid rubber
260 ## - PUBLICATION, DISTRIBUTION, ETC. (IMPRINT)
Name of publisher Proceedings of the International Conference on Rubbers, Calcutta, December 12-14 1997, Vol. III, pp. 183-186.
Year of publication 1997
700 ## - ADDED ENTRY--PERSONAL NAME
Personal name Adhinarayan k
700 ## - ADDED ENTRY--PERSONAL NAME
Personal name Packirisamy S
700 ## - ADDED ENTRY--PERSONAL NAME
Personal name Ramaswamy R
942 ## - ADDED ENTRY ELEMENTS (KOHA)
Koha item type Journals
Holdings
Withdrawn status Lost status Damaged status Not for loan Home library Current library Shelving location Date acquired Koha item type
      Journals RRII Library RRII Library Rubber chemistry 17/12/2021 Journals